000 00350nam a2200145Ia 4500
008 220204s9999 xx 000 0 und d
020 _a8131200032
082 _a581.192
_bHEL
100 _aHeldt, Hans-Walter
245 0 _aPlant biochemistry
250 _aEd.3
260 _aDelhi
_bElsevier India
_c2005
650 _aGene technology
942 _cBK
999 _c42629
_d42629